[Event "Match"]
[Site "www.echecsemail.com"]
[Date "2015.07.20"]
[Round "1"]
[White "Culiflori"]
[Black "Teseoh"]
[WhiteElo "999"]
[BlackElo "1430"]
[Result "1-0"]
[Round "1"]
1.e4 e5
2.Ng1f3 Nb8c6
3.Bf1c4 d6
4.d4 Ng8f6
5.Nb1c3 Bc8g4
6.dxe5 Bg4xf3
7.Qd1xf3 Nc6xe5
8.Qf3e2 c6
{ time. }
1-0

[Event "Match"]
[Site "www.echecsemail.com"]
[Date "2015.07.20"]
[Round "1"]
[White "Sik"]
[Black "Fangshuo"]
[WhiteElo "1650"]
[BlackElo "2050"]
[Result "0-1"]
[Round "1"]
1.e4 e6
2.d4 d5
3.e5 c5
4.c3 Nb8c6
5.Ng1f3 Qd8b6
6.b3 cxd4
7.cxd4 Bf8b4
8.Ke2 Ng8e7
9.Bc1a3 Ne7f5
10.Ba3b2 Qb6a6
11.Qd1d3 Qa6xd3
12.Kxd3 b6
13.g4 Nf5h6
14.h3 O-O
15.Bb2c1 f6
16.exf6 Rf8xf6
17.Ke3 Rf6xf3
18.Kxf3 Nc6xd4
19.Kg3 Nd4c2
20.Bc1b2 Bc8b7
21.Bf1d3 Nc2xa1
22.Bb2xa1 Ra8f8
23.Rh1f1 Nh6f7
24.Nb1c3 Nf7e5
25.Bd3c2 Bb4d6
26.Nc3b5 Bd6b8
27.Kg2 d4
28.Kg1 Ne5f3
29.Kh1 Nf3e1
30.Kg1 Ne1xc2
31.Ba1xd4 a6
32.Rf1c1 Rf8c8
33.Bd4c3 axb5
34.Rc1xc2 b4
{ resign }
0-1

[Event "Match"]
[Site "www.echecsemail.com"]
[Date "2015.07.20"]
[Round "1"]
[White "Haukia"]
[Black "Baachio"]
[WhiteElo "2180"]
[BlackElo "1970"]
[Result "1-0"]
[Round "1"]
1.b4 e5
2.Bc1b2 Bf8xb4
3.Bb2xe5 Ng8f6
4.c4 Nb8c6
5.Be5b2 O-O
6.Ng1f3 h6
7.e3 d5
8.Bf1e2 Bc8f5
9.O-O Rf8e8
10.cxd5 Nf6xd5
11.a3 Bb4c5
12.d4 Bc5b6
13.Be2d3 Bf5xd3
14.Qd1xd3 Qd8e7
15.Nb1c3 Ra8d8
16.Nc3xd5 Rd8xd5
17.Nf3d2 a6
18.e4 Rd5d6
19.Nd2c4 Rd6d8
20.Nc4xb6 cxb6
21.f3 Qe7d7
22.d5 Nc6e5
23.Qd3d4 f6
24.Qd4xb6 Ne5c4
25.Qb6f2 b5
26.g4 Qd7d6
27.Bb2c1 Qd6e5
28.Ra1b1 Rd8b8
29.Rb1b3 Re8d8
30.Rf1d1 Rb8c8
31.Rd1d3 g5
32.Bc1b2 Nc4xb2
33.Qf2xb2 Qe5xb2
34.Rb3xb2 Kf7
35.Rb2b4 Rc8c2
36.a4 Rd8d6
37.Rd3b3 Rc2e2
38.Rb3b2 Re2e3
39.Kf2 Re3c3
40.axb5 axb5
41.Rb4xb5 Rc3c7
42.Kg3 Rc7c3
{ time. }
1-0

[Event "Match"]
[Site "www.echecsemail.com"]
[Date "2015.07.20"]
[Round "1"]
[White "Libiesse"]
[Black "Joseph1983"]
[WhiteElo "2020"]
[BlackElo "2220"]
[Result "1-0"]
[Round "1"]
1.d4 Ng8f6
2.c4 g6
3.Ng1f3 Bf8g7
4.e3 d5
5.Nb1c3 O-O
6.cxd5 Nf6xd5
7.Qd1b3 Nd5b6
8.Bf1e2 Bc8e6
9.Qb3c2 Nb8c6
10.O-O Nc6b4
11.Qc2b1 h6
12.a3 Nb4d5
13.Bc1d2 Ra8c8
14.Rf1c1 c5
15.dxc5 Rc8xc5
16.Nc3xd5 Rc5xc1
17.Qb1xc1 Be6xd5
18.Nf3d4 e5
19.Nd4f3 Qd8e7
20.Bd2b4 { resign }
1-0

[Event "Match"]
[Site "www.echecsemail.com"]
[Date "2015.07.20"]
[Round "1"]
[White "Joseph1983"]
[Black "Roqueur"]
[WhiteElo "2220"]
[BlackElo "2640"]
[Result "0-1"]
[Round "1"]
1.d4 Ng8f6
2.c4 e6
3.Ng1f3 d5
4.e3 Bf8e7
5.Nb1c3 O-O
6.Bf1d3 c5
7.O-O Nb8c6
8.a3 b6
9.b3 Bc8b7
10.Bc1b2 cxd4
11.exd4 Ra8c8
12.Nc3e2 dxc4
13.bxc4 Nc6a5
14.Nf3e5 Nf6d7
15.Ra1c1 Nd7xe5
16.dxe5 Bb7a6
17.Ne2f4 Be7g5
18.Qd1h5 h6
19.Rf1d1 Bg5xf4
20.Bd3h7 Kxh7
21.Rd1xd8 Rf8xd8
22.Rc1d1 Na5xc4
23.Rd1xd8 Rc8xd8
{ resign }
0-1

[Event "Match"]
[Site "www.echecsemail.com"]
[Date "2015.07.20"]
[Round "1"]
[White "Pariolinius"]
[Black "Fanny33"]
[WhiteElo "1790"]
[BlackElo "2750"]
[Result "0-1"]
[Round "1"]
1.d4 f5
2.Ng1f3 Ng8f6
3.c4 d6
4.Nb1c3 g6
5.Bc1g5 Bf8g7
6.e3 O-O
7.Bf1d3 Nb8c6
8.O-O e5
9.dxe5 dxe5
10.Bd3e2 Qd8e7
11.Nc3d5 Qe7f7
12.Ra1c1 Bc8e6
13.a3 e4
14.Nf3d4 Nc6xd4
15.exd4 Nf6xd5
16.cxd5 Be6xd5
17.Bg5f4 c6
18.Rf1e1 Ra8d8
19.Qd1a4 Bd5b3
20.Qa4xa7 Bg7xd4
21.Qa7a5 Bd4xb2
22.Rc1b1 Bb2f6
23.Qa5b6 Bb3a2
24.Rb1b4 Bf6c3
{ resign }
0-1

[Event "Match"]
[Site "www.echecsemail.com"]
[Date "2015.07.20"]
[Round "1"]
[White "Joseph1983"]
[Black "Xkafi"]
[WhiteElo "2220"]
[BlackElo "1960"]
[Result "1-0"]
[Round "1"]
1.b3 b6
2.e3 e5
3.Bc1b2 Nb8c6
4.c4 Bf8b4
5.Nb1c3 Bc8b7
6.Ng1f3 f6
7.Bf1e2 Ng8e7
8.O-O g5
9.d4 Ne7f5
10.Nc3d5 Bb4f8
11.dxe5 g4
12.Nd5xf6 Kf7
13.Nf3g5 Kg6
14.Be2xg4 Kxg5
15.Bg4xf5 Kxf5
16.Qd1g4 { resign }
1-0

[Event "Match"]
[Site "www.echecsemail.com"]
[Date "2015.07.20"]
[Round "1"]
[White "Joseph1983"]
[Black "Aperturaf"]
[WhiteElo "2220"]
[BlackElo "2440"]
[Result "1/2-1/2"]
[Round "1"]
1.e4 e6
2.d4 d5
3.exd5 exd5
4.Ng1f3 Ng8f6
5.Bf1d3 Bf8d6
6.O-O O-O
7.Bc1g5 Bc8g4
8.Nb1d2 Nb8d7
9.c3 c6
10.Qd1c2 Qd8c7
11.Ra1e1 Rf8e8
12.Bg5h4 h6
13.Bh4g3 Bd6xg3
14.fxg3 a5
15.a4 { draw }
1/2-1/2

[Event "Match"]
[Site "www.echecsemail.com"]
[Date "2015.07.20"]
[Round "1"]
[White "Wagner"]
[Black "Harrytheking"]
[WhiteElo "1670"]
[BlackElo "1690"]
[Result "0-1"]
[Round "1"]
1.e4 b6
2.c4 Bc8b7
3.Nb1c3 e6
4.a3 h6
5.Ng1f3 d6
6.d4 Ng8e7
7.g3 Ne7g6
8.h4 Bf8e7
9.h5 Ng6f8
10.d5 e5
11.Qd1a4 Nb8d7
12.Bf1h3 a6
13.Bc1e3 Be7f6
14.Bh3g4 b5
15.cxb5 axb5
16.Qa4xb5 Bb7a6
17.Qb5a4 Ba6d3
18.Qa4d1 Bd3a6
19.b4 Nd7b6
20.b5 Ba6b7
21.Qd1d3 Nf8d7
22.a4 Nd7c5
23.Be3xc5 dxc5
24.a5 Nb6d7
25.a6 Bb7c8
26.d6 O-O
27.Qd3d5 Nd7b6
28.Qd5d1 Bc8xg4
29.O-O cxd6
30.Kg2 Bg4xh5
31.Rf1h1 g6
32.a7 Qd8d7
33.Ra1a6 Ra8xa7
34.Ra6xb6 Bf6d8
35.Nc3d5 f6
36.Rb6b8 Ra7b7
37.Rb8a8 Rb7xb5
38.Qd1c1 Rb5a5
39.Ra8xa5 Bd8xa5
40.Qc1xh6 Qd7h7
41.Qh6xh7 Kxh7
42.Rh1b1 Bh5xf3
43.Kxf3 f5
44.Rb1b7 Kh6
45.exf5 Rf8xf5
46.Kg4 c4
47.Rb7a7 Ba5d2
48.Ra7a2 Rf5xf2
49.Ra2a6 c3
50.Ra6c6 e4
51.Nd5xc3 Bd2xc3
52.Rc6xc3 d5
53.Rc3c1 e3
54.Rc1d1 e2
55.Rd1g1 Rf2f1
56.Rg1h1 Rf1xh1
57.Kf3 e1Q
58.Kg4 Qe1e4

0-1

[Event "Match"]
[Site "www.echecsemail.com"]
[Date "2015.07.20"]
[Round "1"]
[White "Harrytheking"]
[Black "Paco"]
[WhiteElo "1690"]
[BlackElo "1840"]
[Result "0-1"]
[Round "1"]
1.c4 e5
2.e4 Ng8f6
3.d3 Bf8c5
4.Ng1h3 d6
5.Bf1e2 Bc8xh3
6.gxh3 Nb8c6
7.Bc1e3 Bc5b4
8.Nb1c3 Nc6d4
9.Be3d2 Qd8d7
10.h4 Qd7h3
11.Bd2g5 h6
12.Be2f1 Nd4f3
13.Ke2 Qh3g4
14.Qd1a4 c6
15.Kd1 Bb4xc3
16.bxc3 Nf3xg5
17.Bf1e2 Qg4xh4
18.Ke1 Qh4h3
19.Be2f1 Qh3f3
20.Rh1g1 Nf6g4
21.Qa4c2 Ng4xh2
22.Bf1g2 Qf3g4
23.Qc2e2 Ng5f3
24.Kd1 Nf3xg1
25.Qe2xg4 Nh2xg4
26.Kc2 Ng1e2
27.Bg2f3 Ng4xf2
28.a4 Ne2f4
29.d4 g5
30.dxe5 g4
31.Bf3d1 g3
32.Bd1f3 dxe5
33.c5 h5
34.a5 h4
{ resign }
0-1

[Event "Match"]
[Site "www.echecsemail.com"]
[Date "2015.07.20"]
[Round "1"]
[White "Hundegana"]
[Black "Azorau"]
[WhiteElo "1980"]
[BlackElo "1579"]
[Result "1-0"]
[Round "1"]
1.e4 e5
2.Ng1f3 Nb8c6
3.Bf1b5 Nc6d4
4.Nf3xd4 exd4
5.d3 Ng8f6
6.Nb1d2 c6
7.Bb5c4 b5
8.Bc4b3 a5
9.a3 a4
10.Bb3a2 g6
11.Nd2f3 Bf8g7
12.Nf3xd4 O-O
13.Bc1g5 Rf8e8
14.O-O Qd8b6
15.c3 Nf6h5
16.Bg5e3 Qb6c7
17.Qd1f3 Re8e7
18.Be3g5 Nh5f6
19.Bg5xf6 Bg7xf6
20.Qf3xf6 d5
21.exd5 cxd5
22.Ba2xd5 Ra8a6
23.Qf6f3 Ra6b6
24.Ra1e1 Re7d7
25.Bd5a2 Bc8b7
26.Qf3g3 Qc7c5
27.Re1e8 Kg7
28.Rf1e1 Rb6f6
29.Re1e5 Qc5b6
30.Re5xb5 Qb6a6
31.Ba2c4 Qa6a7
32.h3 Bb7c6
33.Nd4xc6 Rf6xc6
34.Qg3e5 Rc6f6
35.d4 Rd7c7
36.Bc4a2 Rc7c6
37.Rb5b8 Kh6
38.h4 Rf6f5
39.Qe5e3 g5
40.hxg5 Rf5xg5
41.Re8g8 f6
42.Rb8e8 Qa7b7
43.g4 Qb7d7
44.Qe3h3 Rg5h5
45.Qh3xh5 
1-0

[Event "Match"]
[Site "www.echecsemail.com"]
[Date "2015.07.20"]
[Round "1"]
[White "Bbking"]
[Black "Azorau"]
[WhiteElo "1480"]
[BlackElo "1579"]
[Result "0-1"]
[Round "1"]
1.e4 e5
2.Ng1f3 Nb8c6
3.Bf1b5 Bf8c5
4.Bb5xc6 Bc5xf2
5.Kxf2 dxc6
6.d4 Bc8g4
7.d5 Qd8f6
8.Nb1c3 O-O-O
9.h3 Bg4h5
 { time }
0-1

[Event "Match"]
[Site "www.echecsemail.com"]
[Date "2015.07.20"]
[Round "1"]
[White "Hundegana"]
[Black "Pinehill"]
[WhiteElo "1950"]
[BlackElo "1820"]
[Result "1-0"]
[Round "1"]
1.e4 d5
2.e5 c5
3.c3 Nb8c6
4.Ng1f3 Bc8f5
5.d3 e6
6.Bc1f4 Bf8e7
7.Bf1e2 Qd8b6
8.Qd1c2 c4
9.O-O O-O-O
10.b3 cxd3
11.Be2xd3 Bf5xd3
12.Qc2xd3 h5
13.Nb1d2 f6
14.Ra1e1 f5
15.c4 Ng8h6
16.h3 Nc6b4
17.Qd3b1 dxc4
18.Nd2xc4 Qb6b5
19.Re1c1 Kb8
20.Rf1d1 Nh6f7
21.Nf3d4 Rd8xd4
22.Rd1xd4 Rh8c8
23.a4 Qb5c5
24.Rd4d7 g5
25.Bf4e3 { resign }
1-0

[Event "Match"]
[Site "www.echecsemail.com"]
[Date "2015.07.20"]
[Round "1"]
[White "Canario"]
[Black "Culiflori"]
[WhiteElo "1750"]
[BlackElo "999"]
[Result "0-1"]
[Round "1"]
1.e4 e5
2.Ng1f3 Nb8c6
3.Nb1c3 Ng8f6
4.Bf1c4 Bf8c5
5.h3 d6
6.d3 O-O
7.Bc1g5 h6
8.Bg5h4 Bc8e6
9.Bc4xe6 fxe6
10.g4 d5
11.Bh4xf6 Qd8xf6
12.exd5 Qf6xf3
13.Qd1xf3 Rf8xf3
14.O-O-O Rf3xf2
15.dxe6 Ra8e8
16.Nc3e4 Bc5e3
17.Kb1 Rf2f8
18.Rd1e1 Be3b6
19.c3 Re8xe6
20.g5 hxg5
21.Ne4xg5 Re6f6
22.h4 Rf6h6
23.b4 Bb6f2
24.Re1e2 Rh6xh4
25.Rh1d1 Rh4g4
26.Ng5e6 Rf8f7
27.Kb2 Bf2b6
28.Kb3 Rf7e7
29.Ne6c5 Bb6xc5
30.bxc5 Rg4f4
31.Rd1b1 e4
32.d4 Rf4f3
33.Kc4 Nc6a5
34.Kb4 b6
35.cxb6 cxb6
36.Rb1d1 Na5b7
37.d5 Nb7d6
38.a4 Re7c7
39.Rd1c1 a5
40.Kb3 Rc7c5
41.Re2d2 Rf3d3
42.Rd2xd3 exd3
43.c4 d2
44.Rc1d1 Rc5xc4
45.Rd1xd2 Rc4b4
46.Kc3 Nd6e4
{ resign }
0-1

[Event "Match"]
[Site "www.echecsemail.com"]
[Date "2015.07.20"]
[Round "1"]
[White "Harrytheking"]
[Black "Pariolinius"]
[WhiteElo "1770"]
[BlackElo "1790"]
[Result "0-1"]
[Round "1"]
1.c4 c5
2.Ng1f3 Ng8f6
3.h3 Nb8c6
4.e3 g6
5.Bf1e2 Bf8g7
6.a3 O-O
7.O-O d5
8.Nb1c3 d4
9.exd4 cxd4
10.Nc3a2 d3
11.Be2xd3 Qd8xd3
12.Qd1a4 Bc8d7
13.Na2c3 Nc6e5
14.Qa4d1 Ne5xf3
15.gxf3 Bd7xh3
16.Kh2 Bh3xf1
17.Nc3b5 Bf1e2
18.Qd1e1 Qd3xf3
19.Nb5c3 Nf6g4
20.Kg1 Bg7d4
21.Nc3e4 Qf3xe4
22.d3 Qe4f3
23.Bc1e3 Ng4xe3
24.fxe3 Bd4xe3
{ resign }
0-1

[Event "Match"]
[Site "www.echecsemail.com"]
[Date "2015.07.20"]
[Round "1"]
[White "Bojan"]
[Black "Mitja"]
[WhiteElo "1920"]
[BlackElo "1600"]
[Result "1-0"]
[Round "1"]
1.e4 d5
2.exd5 Qd8xd5
3.Nb1c3 Qd5d8
4.h3 e6
5.Ng1f3 c6
6.Bf1c4 Ng8f6
7.d3 Nb8d7
8.Bc1e3 Nd7b6
9.Bc4b3 h6
10.a3 Nb6d5
11.Nc3xd5 Nf6xd5
12.Be3d4 Qd8c7
13.Qd1e2 f6
14.Nf3h4 e5
15.Nh4g6 Rh8g8
16.Bd4c3 Bc8e6
17.Bc3d2 Be6f7
18.Ng6xf8 Rg8xf8
19.f4 O-O-O
20.fxe5 Rd8e8
21.O-O-O Re8xe5
22.Qe2g4 Bf7e6
23.Qg4d4 Qc7b6
24.Qd4a4 Be6f7
25.Rd1f1 a6
26.Rf1f3 Nd5c7
27.Qa4g4 Kb8
28.Qg4xg7 Bf7h5
29.Qg7xf8 Re5e8
30.Qf8xf6 { resign }
1-0

[Event "Match"]
[Site "www.echecsemail.com"]
[Date "2015.07.20"]
[Round "1"]
[White "Goodwill"]
[Black "Ericleo1980"]
[WhiteElo "1499"]
[BlackElo "1809"]
[Result "0-1"]
[Round "1"]
1.d4 d5
2.c4 c6
3.Nb1c3 Ng8f6
4.Ng1f3 e6
5.e3 Nb8d7
6.Qd1c2 Bf8d6
7.Bf1d3 O-O
8.O-O e5
9.cxd5 cxd5
10.Nc3b5 Bd6b8
11.dxe5 Nd7xe5
12.Nf3xe5 Bb8xe5
13.Bc1d2 a6
14.Nb5d4 Bc8g4
15.Ra1c1 Qd8d6
16.Bd3f5 Be5xh2
17.Kh1 Bh2e5
18.Bf5xg4 Nf6xg4
19.f4 Qd6h6
{ resign }
0-1

[Event "Match"]
[Site "www.echecsemail.com"]
[Date "2015.07.20"]
[Round "1"]
[White "Olddog55"]
[Black "Generalfree"]
[WhiteElo "1690"]
[BlackElo "1790"]
[Result "1-0"]
[Round "1"]
1.d4 e6
2.Ng1f3 c6
3.e3 b5
4.b3 d6
5.Bf1d3 g6
6.Bc1b2 d5
7.c4 dxc4
8.bxc4 b4
9.Qd1a4 Bc8d7
10.c5 a5
11.Nf3e5 Qd8g5
12.O-O f6
13.Ne5xd7 Kxd7
14.a3 bxa3
15.Nb1xa3 Ng8e7
16.Na3c4 Ne7d5
17.Nc4b6 Nd5xb6
18.cxb6 Bf8d6
19.e4 Qg5h6
20.e5 fxe5
21.dxe5 Bd6b4
22.Bb2d4 Qh6f4
23.Bd4e3 Qf4xe5
24.b7 Ra8a6
25.Bd3xa6 Nb8xa6
26.Ra1c1 Qe5c7
27.Rf1d1 Bb4d6
28.Qa4d4 e5
29.Qd4a7 Na6b4
30.Be3b6 Qc7b8
31.Rc1c5 Ke6
32.Rc5xa5 h5
33.Rd1e1 Rh8h7
34.Bb6d4 Rh7xb7
35.Qa7xb8 Rb7xb8
36.Bd4xe5 Bd6xe5
37.Ra5xe5 Kf7
38.f4 Nb4d3
39.Re5e7 Kf8
40.Re1e3 Nd3xf4
41.Re7c7 Rb8b1
42.Kf2 Rb1c1
43.Re3a3 Rc1c2
44.Kf3 { resign }
1-0

[Event "Match"]
[Site "www.echecsemail.com"]
[Date "2015.07.20"]
[Round "1"]
[White "Ericleo1980"]
[Black "Guidom"]
[WhiteElo "1809"]
[BlackElo "2070"]
[Result "0-1"]
[Round "1"]
1.e4 e5
2.Ng1f3 d6
3.Bf1c4 Nb8c6
4.c3 Bf8e7
5.d4 exd4
6.cxd4 Ng8f6
7.Nb1c3 Bc8g4
8.Bc1e3 O-O
9.O-O h6
10.h3 Bg4h5
11.g4 Bh5g6
12.Nf3d2 Qd8d7
13.f4 Bg6xe4
14.Nd2xe4 Nf6xe4
15.Nc3xe4 d5
16.Ne4c5 Be7xc5
17.dxc5 Qd7e6
18.Rf1e1 dxc4
19.f5 Qe6f6
20.Qd1c2 Nc6d4
21.Qc2f2 Nd4c6
22.Ra1c1 Nc6b4
23.Rc1xc4 Nb4d3
24.g5 hxg5
25.Qf2g3 Nd3xe1
26.Be3xg5 Qf6xf5
27.Rc4f4 Qf5xc5
28.Kh2 Ra8e8
29.h4 Re8e2
30.Kh3 Re2e3
{ resign }
0-1

[Event "Match"]
[Site "www.echecsemail.com"]
[Date "2015.07.20"]
[Round "1"]
[White "Redabond"]
[Black "Wagner"]
[WhiteElo "1499"]
[BlackElo "1670"]
[Result "0-1"]
[Round "1"]
1.e4 e5
2.Ng1f3 Qd8f6
3.Bf1c4 d6
4.d3 h6
5.O-O Bc8d7
6.Nb1c3 Bf8e7
7.Nc3d5 Qf6g6
8.Nd5xc7 Kd8
9.Nc7xa8 Bd7g4
10.h3 Bg4xh3
11.g3 Bh3g4
12.Nf3h4 Be7xh4
13.Bc1g5 Qg6xg5
14.Qd1c1 Qg5f6
15.Qc1d2 Qf6f3
16.Qd2a5 Ke7
17.Qa5c7 Nb8d7
18.Bc4b5 Ng8f6
19.Bb5xd7 Nf6xd7
20.Rf1e1 Bg4h3
{ resign }
0-1

[Event "Match"]
[Site "www.echecsemail.com"]
[Date "2015.07.20"]
[Round "1"]
[White "Theboss"]
[Black "F14"]
[WhiteElo "1770"]
[BlackElo "1840"]
[Result "1-0"]
[Round "1"]
1.e4 e5
2.Ng1f3 Nb8c6
3.Bf1b5 Ng8f6
4.d3 d6
5.h3 Bc8d7
6.O-O Bf8e7
7.c4 O-O
8.Nb1c3 a6
9.Bb5xc6 Bd7xc6
10.a4 b5
11.a5 bxc4
12.dxc4 Nf6xe4
13.Qd1e2 Ne4xc3
14.bxc3 e4
15.Nf3d4 Bc6b7
16.Ra1b1 Be7f6
17.Rb1xb7 { resign }
1-0

[Event "Match"]
[Site "www.echecsemail.com"]
[Date "2015.07.20"]
[Round "1"]
[White "Jacks"]
[Black "Manolinex"]
[WhiteElo "2860"]
[BlackElo "2700"]
[Result "1/2-1/2"]
[Round "1"]
1.d4 d5
2.c4 e6
3.Nb1c3 Ng8f6
4.cxd5 exd5
5.Bc1g5 c6
6.Qd1c2 h6
7.Bg5h4 Bc8e6
8.e3 Nb8d7
9.Bf1d3 g5
10.Bh4g3 Nf6h5
11.Ra1b1 Nh5xg3
12.hxg3 Bf8d6
13.Ng1f3 Qd8e7
14.Kf1 Nd7b6
15.b4 g4
16.Nf3h4 Bd6xb4
17.Nc3e2 O-O-O
18.Ne2f4 Be6d7
19.Nh4f5 Bd7xf5
20.Bd3xf5 Kb8
21.Qc2e2 Rd8g8
22.Nf4d3 Bb4d6
23.Bf5xg4 h5
24.Bg4xh5 Rh8h7
25.Rh1h3 f5
26.Rb1b3 Rg8h8
27.Nd3b2 Nb6d7
28.Bh5f3 Nd7f6
29.Qe2c2 { draw }
1/2-1/2

[Event "Match"]
[Site "www.echecsemail.com"]
[Date "2015.07.20"]
[Round "1"]
[White "Kingofmars"]
[Black "Bbking"]
[WhiteElo "1499"]
[BlackElo "1480"]
[Result "1-0"]
[Round "1"]
1.e4 e5
2.Bf1c4 Ng8f6
3.Ng1h3 d5
4.exd5 Nf6xd5
5.Qd1f3 Bc8xh3
6.gxh3 Nb8c6
7.Bc4xd5  { time }
1-0

[Event "Match"]
[Site "www.echecsemail.com"]
[Date "2015.07.20"]
[Round "1"]
[White "Norbos"]
[Black "Coraza"]
[WhiteElo "1620"]
[BlackElo "1649"]
[Result "0-1"]
[Round "1"]
1.e4 e5
2.d4 exd4
3.Qd1xd4 Nb8c6
4.Qd4e3 Bf8b4
5.c3 Bb4a5
6.Bc1d2 Ba5b6
7.Qe3g3 g6
8.Bf1d3 d6
9.Ng1f3 Ng8f6
10.O-O Bc8g4
11.Nb1a3 Qd8d7
12.Nf3g5 O-O-O
13.Bd3c4 h6
14.Ng5xf7 Nf6xe4
15.Qg3e3 Rd8e8
16.Qe3f4 Rh8f8
17.h3 g5
18.Qf4g3 Ne4xg3
{ resign }
0-1

[Event "Match"]
[Site "www.echecsemail.com"]
[Date "2015.07.20"]
[Round "1"]
[White "Supernovae"]
[Black "Ericleo1980"]
[WhiteElo "1970"]
[BlackElo "1809"]
[Result "0-1"]
[Round "1"]
1.c4 Ng8f6
2.Ng1f3 c6
3.Nb1c3 d5
4.cxd5 cxd5
5.d4 Nb8c6
6.e3 Bc8f5
7.Bf1b5 Ra8c8
8.O-O a6
9.Bb5a4 b5
10.Ba4b3 e6
 { time }
0-1

[Event "Match"]
[Site "www.echecsemail.com"]
[Date "2015.07.20"]
[Round "1"]
[White "F14"]
[Black "Ericleo1980"]
[WhiteElo "1820"]
[BlackElo "1809"]
[Result "0-1"]
[Round "1"]
1.e4 c5
2.Ng1f3 d6
3.d4 cxd4
4.Nf3xd4 Ng8f6
5.Nb1c3 a6
6.Bf1c4 e6
7.O-O Bf8e7
{ resign }
0-1

[Event "Match"]
[Site "www.echecsemail.com"]
[Date "2015.07.20"]
[Round "1"]
[White "Ericleo1980"]
[Black "Gilliere"]
[WhiteElo "1809"]
[BlackElo "1790"]
[Result "1-0"]
[Round "1"]
1.e4 e5
2.Ng1f3 d6
3.d4 exd4
4.Nf3xd4 h6
5.Bf1c4 Ng8f6
6.Nb1c3 Nb8d7
7.f4 a6
8.a4 Bf8e7
9.O-O O-O
10.h3 Nd7b6
11.Bc4d3 Nf6h7
12.a5 Nb6d7
13.Bd3c4 b5
14.Bc4d5 c5
15.Nd4c6 Qd8e8
16.Nc6xe7 Kh8
17.Ne7g6 fxg6
18.Bd5xa8 Nd7f6
19.Ba8d5 Nf6xd5
20.Qd1xd5 Qe8d7
21.Rf1d1 Rf8d8
22.e5 dxe5
23.Qd5xd7 Rd8xd7
24.Rd1xd7 Bc8xd7
25.fxe5 Bd7f5
26.Bc1e3 Bf5xc2
27.Ra1f1 Bc2d3
28.Rf1f2 Kg8
29.e6 Nh7f6
30.Be3xh6 gxh6
31.Rf2xf6 Kg7
32.Rf6f2 b4
33.Nc3d5 Bd3b5
34.Nd5c7 Bb5c6
35.e7 { resign }
1-0

[Event "Match"]
[Site "www.echecsemail.com"]
[Date "2015.07.20"]
[Round "1"]
[White "Reanna"]
[Black "Boyc"]
[WhiteElo "1590"]
[BlackElo "1499"]
[Result "0-1"]
[Round "1"]
1.c4 e5
2.e4 Nb8c6
3.Bf1e2 Ng8f6
4.d3 Bf8b4
5.Bc1d2 Bb4xd2
6.Qd1xd2 O-O
7.Ng1f3 d6
8.O-O Bc8e6
9.Nb1c3 h6
10.Nc3d5 Nf6h7
11.b4 a6
12.a4 Nh7g5
13.h4 Ng5xf3
14.Be2xf3 Qd8xh4
15.Nd5xc7 Ra8c8
16.Nc7xe6 fxe6
17.b5 Nc6d4
18.Bf3d1 Qh4e7
19.Ra1c1 Qe7c7
20.f4 Qc7c5
21.Rf1f2 Rf8xf4
22.Rf2xf4 Nd4f3
23.Kf1 Nf3xd2
24.Ke2 exf4
25.Kxd2 Qc5f2
26.Bd1e2 axb5
27.axb5 Rc8a8
28.Rc1c2 Ra8a1
29.Kc3 Qf2e1
30.Kd4 Ra1a3
31.c5 Qe1f2
32.Kc4 Qf2xc5

0-1

[Event "Match"]
[Site "www.echecsemail.com"]
[Date "2015.07.20"]
[Round "1"]
[White "Truquine"]
[Black "Nestor"]
[WhiteElo "1759"]
[BlackElo "2170"]
[Result "1-0"]
[Round "1"]
1.e4 Ng8f6
2.g3 e5
3.Bf1g2 Bf8c5
4.Ng1h3 d6
5.O-O Bc8g4
6.Qd1e1 Qd8c8
7.Nh3g5 h6
8.Ng5f3 O-O
9.d3 Bg4h3
10.Bc1e3 Bh3xg2
11.Kxg2 Qc8g4
12.h3 Qg4e6
13.Be3xc5 dxc5
14.Qe1c3 Nb8d7
15.Nb1d2 b6
16.Qc3c4  { time }
1-0

[Event "Match"]
[Site "www.echecsemail.com"]
[Date "2015.07.20"]
[Round "1"]
[White "Farnation"]
[Black "Cl3537"]
[WhiteElo "1050"]
[BlackElo "1340"]
[Result "0-1"]
[Round "1"]
1.e4 e5
2.Ng1f3 Ng8f6
3.Bf1c4 Nb8c6
4.O-O d6
5.Nf3g5 Bf8e7
6.Ng5xf7 Qd8d7
7.Nf7xh8 a6
8.g4 Nc6d4
9.g5 Nf6xe4
10.Qd1h5 Kd8
11.Nh8f7 Ke8
12.Nf7xe5 g6
13.Qh5xh7 dxe5
14.Bc4f7 Kd8
15.Qh7g8 { time. }
0-1

[Event "Match"]
[Site "www.echecsemail.com"]
[Date "2015.07.20"]
[Round "1"]
[White "Subh"]
[Black "Ketchuplover"]
[WhiteElo "1499"]
[BlackElo "1940"]
[Result "0-1"]
[Round "1"]
1.e4 c5
2.Ng1f3 Nb8c6
3.Bf1b5 Nc6d4
4.Nf3xd4 cxd4
5.O-O a6
6.Bb5 c4 b5
7.Bc4d5 Ra8b8
8.Bd5xf7 Kxf7
9.Qd1h5 g6
10.Qh5e5 Rb8b6
11.Qe5xh8 Bf8g7
12.Qh8xh7 Ng8f6
 { time }
0-1

[Event "Match"]
[Site "www.echecsemail.com"]
[Date "2015.07.20"]
[Round "1"]
[White "Inlandtaipan"]
[Black "Reanna"]
[WhiteElo "1499"]
[BlackElo "1580"]
[Result "1-0"]
[Round "1"]
1.e4 e5
2.Bf1c4 c6
3.Ng1f3 d6
4.Nb1c3 Bf8e7
5.O-O Ng8h6
6.d3 Nh6g4
7.Qd1e2 O-O
8.h3 Ng4xf2
9.Qe2xf2 c5
10.Qf2g3 Rf8e8
11.Bc1h6 Be7f6
12.Bh6g5 Nb8d7
13.Nc3d5 b6
14.Bg5xf6 Nd7xf6
15.Nd5xf6 Qd8xf6
16.Nf3g5 Qf6g6
17.Bc4xf7 Kh8
18.Bf7xg6 hxg6
19.Qg3h4 Kg8
20.Qh4h7 
1-0

[Event "Match"]
[Site "www.echecsemail.com"]
[Date "2015.07.20"]
[Round "1"]
[White "Tomcapp"]
[Black "Derik"]
[WhiteElo "1520"]
[BlackElo "1480"]
[Result "1-0"]
[Round "1"]
1.e4 e6
2.Ng1f3 d5
3.exd5 Qd8xd5
4.d4 Ng8f6
5.Nb1c3 Qd5a5
6.Bf1d3 g6
7.Bc1d2 Bf8d6
8.a4 O-O
9.Nc3e4 Qa5d5
10.Ne4xf6 Kh8
11.Nf6xd5 Nb8c6
12.c3 exd5
13.Nf3e5 Rf8e8
14.O-O Bd6xe5
15.dxe5 Nc6xe5
16.Bd3e2 Bc8f5
17.Be2b5 c6
18.Bb5e2 Ra8d8
19.b4 Ne5c4
20.Be2xc4 dxc4
21.a5 Bf5d3
22.Qd1f3 Re8e2
23.Qf3f6 Kg8
24.Qf6xd8 Kg7
25.Qd8h4 Re2xd2
26.Ra1e1 Bd3xf1
27.Re1xf1 b5
28.Rf1e1 Rd2c2
29.Qh4d4 Kh6
30.Qd4xa7 Kg7
31.g3 h5
32.Re1e7 Rc2c1
33.Kg2 Rc1xc3
34.Re7xf7 Kh6
35.h4 g5
36.Rf7h7 Kg6
37.Qa7f7 
1-0

[Event "Match"]
[Site "www.echecsemail.com"]
[Date "2015.07.20"]
[Round "1"]
[White "Darknight"]
[Black "Susov"]
[WhiteElo "1700"]
[BlackElo "1820"]
[Result "0-1"]
[Round "1"]
1.e4 e5
2.Bf1c4 Ng8f6
3.d3 Nb8c6
4.c3 Bf8c5
5.h3 h6
6.Ng1f3 a6
7.b4 Bc5a7
8.a4 d5
9.exd5 Nf6xd5
10.Qd1e2 Bc8e6
11.b5 axb5
12.Bc4xb5 Qd8d6
13.Bc1a3 Nd5f4
14.Qe2f1 Ba7c5
15.g3 Bc5xa3
16.Nb1xa3 Be6d5
17.Bb5xc6 Qd6xc6
 { time }
0-1

[Event "Match"]
[Site "www.echecsemail.com"]
[Date "2015.07.20"]
[Round "1"]
[White "Generalfree"]
[Black "Libiesse"]
[WhiteElo "1770"]
[BlackElo "2020"]
[Result "0-1"]
[Round "1"]
1.d4 d5
2.Ng1f3 e6
3.Bc1f4 Bf8d6
4.Qd1d2 Nb8c6
5.g3 Ng8f6
6.Nb1c3 O-O
7.Bf4xd6 Qd8xd6
8.e3 Rf8e8
9.Bf1d3 e5
10.dxe5 Nc6xe5
11.Nf3xe5 Qd6xe5
12.O-O-O c6
13.Rh1e1 Qe5h5
14.h4 Bc8g4
15.Nc3e2 d4
16.exd4 Nf6d5
17.c4 Nd5f6
18.Ne2f4 Qh5h6
19.Re1xe8 Ra8xe8
20.Rd1e1 Re8xe1
21.Qd2xe1 Bg4d7
22.Qe1e5 Kf8
23.Qe5b8 Nf6e8
24.Qb8xb7 g5
25.Qb7xd7 gxf4
26.Kc2 fxg3
27.fxg3 Qh6e3
28.Bd3xh7 Qe3e2
29.Kc3 Qe2e3
30.Bh7d3 Qe3c1
31.Bd3c2 Qc1e1
32.Kb3 Qe1xg3
33.Ka4 Qg3xh4
34.Qd7xa7 Qh4f6
35.b4 Ne8d6
36.c5 Nd6b5
37.Qa7a8 Kg7
38.d5 Qf6b2
{ resign }
0-1

[Event "Match"]
[Site "www.echecsemail.com"]
[Date "2015.07.20"]
[Round "1"]
[White "Tomcapp"]
[Black "Harrytheking"]
[WhiteElo "1500"]
[BlackElo "1690"]
[Result "0-1"]
[Round "1"]
1.e4 b6
2.Qd1f3 c6
3.Bf1c4 e6
4.Nb1c3 Ng8e7
5.e5 Bc8b7
6.d3 Qd8c7
7.Bc1f4 Ne7g6
8.g3 c5
9.Ng1h3 Bb7xf3
10.Nh3g5 Bf3xh1
11.O-O-O Ng6xf4
12.gxf4 Bh1b7
13.h4 h6
14.Ng5h3 Bf8e7
15.Nc3b5 Qc7c6
16.f5 Be7xh4
17.fxe6 dxe6
18.Nb5d6 Ke7
19.Nd6e4 b5
20.Bc4b3 c4
21.dxc4 Qc6xe4
22.c5 Qe4xe5
23.a4 Bh4xf2
24.Nh3xf2 Qe5f4
25.Rd1d2 Rh8d8
26.Nf2d3 Qf4g5
27.axb5 Bb7e4
28.c6 Qg5g1
29.Rd2d1 Qg1g5
30.Kb1 Rd8d6
31.c7 Nb8d7
32.b6 Nd7xb6
33.Ka2 Nb6c8
34.Bb3a4 Qg5a5
35.b3 Qa5xc7
36.b4 Rd6a6
37.Nd3c5 Be4d5
38.Rd1xd5 Ra6xa4
39.Kb3 exd5
40.Kxa4 Nc8b6
41.Kb5 a6
42.Nc5xa6 Qc7c4
43.Ka5 Qc4xa6

0-1